| 000 | 004750000a22001690004500 | ||
|---|---|---|---|
| 003 | MACL | ||
| 005 | 20160112135039.0 | ||
| 008 | 160112b xxu||||| |||| 00| 0 eng d | ||
| 040 |
_aMACL _cMACL |
||
| 041 | _aEnglish | ||
| 082 | _a923/RHY | ||
| 100 |
_aRhys, Ernest _926058 |
||
| 245 | _aThe Book of Marvellous Adventures & Other Books of the Morte D Arthur | ||
| 260 |
_bThe Walter Scott publishing co Ltd _aLondon |
||
| 650 |
_aFolklore _931336 |
||
| 942 |
_cBK _k923/RHY _2ddc |
||
| 999 |
_c37180 _d37180 |
||